00314 a2200121 450000500170000008200160001710000190003324500290005226000420008130000410012394200130016499900150017720250629123557.0 a658.78 TES aTESHA. C .P . aStores Management Manual aDar es salaam,bTesha, c . p.,c1991. a148p.: ill.; figure, table, c20cm. 2ddccBKS c6324d6324